Vákuová a ultravákuová technika /

Salvato in:
Dettagli Bibliografici
Autori principali: Dubravcová, Viera, 1942- (Autore), Bello, Igor (Autore)
Natura: Libro
Lingua:slovacco
Pubblicazione: Bratislava : STU v Bratislave, 1982
Edizione:1.vyd.
Tags: Aggiungi Tag
Nessun Tag, puoi essere il primo ad aggiungerne!!

MARC

LEADER 00000nam a22000003a 4500
001 stu6869
005 20150617225809.1
008 940721s1982----cs------------------slo-d
040 |a STU  |b slo 
041 0 |a slo 
044 |a cs 
100 1 |a Dubravcová, Viera,  |d 1942-  |4 aut  |u E210  |U FEI Fakulta elektrotechniky a informatiky  |T FEI Katedra mikroelektroniky  |X 2978  |U E210  |Y 68  |7 A000002978 
245 1 |a Vákuová a ultravákuová technika /  |c [aut.] Bello,Igor; Dubravcová,Viera 
250 |a 1.vyd. 
260 |a Bratislava :  |b STU v Bratislave,  |c 1982 
300 |a 269 s 
700 1 |a Bello, Igor  |4 aut 
996 |b E50410  |c E*50410  |l EE01  |s A  |a 24  |w stu6869_0001 
996 |b E50470  |c E*50470  |l EE11  |s P  |a 0  |w stu6869_0002